1023 1992 1298 1917 1953 1560 1888 1532 1269 1333 1840 1320 1169 1812 1454 1923 1843 1067 1235 1759 1192 1591 1895 1907 1554 1385 1246 1656 1359 1867 1921 1291 1704 1905 1342 1127 1982 1615 1842 1038 1762 1790 1129 1424 1914 1302 1080 1597 1952 1724 1164 1829 1571 1020 1966 1809 1484 1737 1043 1102 1452 1790 1998 1316 1888 1243 1893 1197 1515 1876 1278 1208 1282 1375 1105 1282 1882 1089 1458 1829 1446 1398 1143 1802 1814 1138 1362 1854 1291 1971 1705 1954 1325 1467 1448 1128 1368 1233 1121 BCNSPRNW ULIB Ver.6.0+V

เปลี่ยนเป็นภาษาไทย

Change to English
 แสดงรายละเอียดบรรณานุกรม
  กลับหน้าหลัก

Brief Record : Get Marc (ISO 2709) : E-mail record : QR code < ปิดหน้าต่าง
LEADER : 00000nam 2200000uu 4500
001    13399127512
003     ULIB
008    020711s2563 th a 000 0 tha d
060  0 ^aวจ^bก-ผ
100    ^aกชพร สายสุทธิ์
245    ^aผลของโปรแกรมการจัดการตนเองต่อพฤติกรรมการบริโภคอาหารและน้ำหนักของผู้ป่วยจิตเวชที่มีภาวะน้ำหนักเกิน(The Effect of Self-Management Program on Eating Behavior and Body Weight of Overweight Psychiatric Patients
260    ^aนครสวรรค์ :^bโรงพยาบาลจิตเวชนครสวรรค์ราชนครินทร์ กรมสุขภาพจิต,^c2563
945    ^p0^l0^i007112
999    ^aประนอม เกษจรัล
รายการนี้ยังไม่มีแท็ก
คุณยังไม่ได้ล็อกอิน คุณสามารถมีกิจกรรมร่วมกับเว็บไซต์ได้ แต่ต้องล็อกอินก่อน ::
  ล็อกอิน

รายการสื่อสารสนเทศ

ลำดับที่ ประเภท เลขเรียก/บาร์โค้ด สถานที่ สถานะ
1. งานวิจัย
งานวิจัย
วจ ก-ผ ฉ.1 
  Barcode: 007112
ห้องสมุดวิทยาเขตสวรรค์ประชารักษ์
►วิจัย
บนชั้น

BibComment


ยังไม่เคยถูกคอมเมนท์

คอมเมนท์ทรัพยากรรายการนี้
  คอมเมนท์: ผลของโปรแกรมการจ..


 Copyright 2026. Bcnsprnw @Library